[Event "Corus 4-kamp 1A"]
[Site "?"]
[Date "2007.01.17"]
[Round "3"]
[White "Witt, Rob"]
[Black "Jonkman, Foppe"]
[Result "0-1"]
[WhiteElo "2220"]
[BlackElo "1993"]
[PlyCount "138"]

{Ik had 2-2 en een vol punt voor op Bilal Belhach en Jimmy van Zutphen die ik
al verslagen had. Ik moest de laatste ronde tegen Foppe Jonkman (helaas niet
IGM Harmen) die 0-2 had. Arne: "Rob gaat natuurlijk voor 3-3." Almar/Sander/
Hanke: "Jij heb een makkie morgen." Frans Arp en anderen: "Ik snap niet dat ze
zo'n zwakke speler in groep 1 zetten, waarom niet een van die 2100 jongens uit
groep 2?" Ik had ruim 200 ratingpunten meer en ook nog wit. Wat kon er mis
gaan? Ik probeerde de anderen nog te overtuigen dat die Jonkman helemaal niet
zo slecht gespeeld had en dat ik hem zeker niet moest onderschatten. Maar
hoongelach was mijn deel. Kijk en huiver.} 1. Nf3 c5 2. c4 Nc6 3. d4 cxd4 4.
Nxd4 g6 5. e4 Bg7 6. Be3 Nf6 7. Nc3 d6 8. Be2 O-O 9. O-O Bd7 10. Qd2 {So far
so good. Een Maroczy waar ik veel ervaring mee heb en die je met wit gewoon
niet kan verliezen.} a6 11. f3 {7'} Rc8 {9' Zijn laatste twee zetten vond ik
een beetje vreemd.} 12. Rac1 {13'} Nxd4 {34'} 13. Bxd4 Be6 {41' Zie je wel,
hij verbruikt heel veel tijd en voelt zich duidelijk niet op zijn gemak in
deze stelling. Als ik nu remise aanbied, neemt hij het zeker aan. Wat een
onzin, ik moet gewoon winnen. Ik moet we wel een beetje beter gaan
concentreren.} 14. b3 Qa5 {45'} 15. Rfd1 {18'} Rfd8 {50'} 16. Be3 {41' Hier
had ik 23' over nagedacht zonder veel te zien en te berekenen.} ({Wat is} 16.
b4 {ziet er wel aardig uit. Hij kan in ieder geval niet slaan. Maar wat is} Qa3
{waarschijnlijk} (16... Qxb4 17. Rb1 Qa5 18. Bb6 Qe5 19. Bxd8 ({Op} 19. f4 {
kan misschien} Nxe4 20. fxe5 Nxd2 21. Rxd2 Rd7 {Een stuk voor een paar pionnen,
zal wel goed voor wit zijn. Ik moet het niet zo ingewikkeld maken.}) 19... Qc5+
20. Kh1 Rxd8 21. Rxb7 {Ook goed voor wit, maar ik mis mijn zwarte loper.
Misschien heeft hij wel compensatie. Kan het niet simpeler?}) 17. Rb1 Bxc4 18.
Bxc4 Rxc4 19. Rb3 Nxe4 20. fxe4 Bxd4+ {Shit, nu moet ik ook mijn dame geven}
21. Qxd4 Rxd4 22. Rxa3 (22. Rxd4 Qc1+) 22... Rxb4 {Hij heeft drie pionnen voor
een paard, nee daar begin ik niet aan.}) (16. Na4 Qxd2 17. Rxd2 b5 ({O nee,
hij heeft} 17... Bh6 {Misschien moet ik beginnen met Le3. Dat moet tenslotte
ook als hij Pfd7 speelt. Ja laat ik dat maar doen.})) 16... Nd7 {1.06' Als ik
nou meteen Pd5 doe, dan volgt Dxd2 Lxd2 Ld4 schaak. Laat ik maar eerst mijn
koning weghalen.} 17. Kh1 {51'} (17. Nd5 Qxd2 18. Bxd2 Bd4+ 19. Kf1 Re8 $5 (
19... Bxd5 20. cxd5 {(was natuurlijk wel goed voor wit geweest.)})) 17... b5 $6
{1.23' Ha, dat is meestal slecht in het eindspel omdat veld c6 zwak wordt. Had
ik nou maar mijn koning op f1 gezet. Hij heeft ook weer veel tijd verbruikt.
Hup, op naar een goed eindspel.} 18. Nd5 Qxd2 19. Bxd2 Bxd5 20. cxd5 {59'} ({
Ik heb ook een minuut of 8 gekeken naar} 20. exd5 {maar eigenlijk alleen maar
gekeken zonder me serieus in die stelling te verdiepen.}) 20... Bb2 {1.46'
Shit, niet gezien. Zie je wel dat die man best kan schaken. Wat nu?} 21. Rc6 {
Wit nog 49', zwart 14'} ({Op} 21. Rb1 {volgt} Ba3 {en op} 22. b4 {natuurlijk} (
{Ik heb ook nog} 22. Ba5 Re8 23. Rd2 {maar dat is niks wegens} Bc1) 22... Rc2 {
Nee, dan maar Tc6 al weet ik niet of het wat oplevert als hij slaat.}) 21...
Nb8 {13' Snel gespeeld. Ja hij heeft natuurlijk geen tijd om Txc6 uit te
rekenen.} 22. Rb6 $2 {A tempo gespeeld. Achteraf blijkt} (22. Rxc8 $1 Rxc8 23.
a4 $1 {heel goed voor wit te zijn.}) 22... Bd4 {10'} 23. Rb7 Rd7 24. Rxd7 Nxd7
25. Rc1 {47'} Rxc1+ {9'} 26. Bxc1 Nc5 27. Bd2 {46' Hoe moet ik dit ooit
winnen? Zal ik remise aanbieden? Dan ben ik er vanaf. Het is een aardige kerel
en 0-3 is een beetje lullig voor hem. Nee, dat kan ik niet maken, laat ik maar
eerst eens kijken hoe hij in tijdnood speelt.} e5 {8' Kijk een typische
paniekzet.} 28. dxe6 {42' [dat had ik waarschijnlijk niet moeten doen.]} (28.
g4 $14) 28... fxe6 29. Bf4 {38' Dat is eigenlijk niks wegens d5, maar hij zal
wel e5 doen.} e5 {7'} 30. Bd2 {Ik moet verhinderen dat hij een pion op b4 zet.}
Kf7 31. g3 {37'} Ke6 32. Bd1 {35' Om eventueel b4 en Lb3 te spelen.} Nd3 {
5' rare zet. Hij is duidelijk nerveus geworden.} 33. Bc2 Nc5 {4'} 34. Kg2 ({
Ik heb helemaal niet gekeken naar} 34. b4 Na4 35. Bb3+ Kd7 36. Bg8 Ke8 (36...
Bc3 37. Bc1 Ke8 38. a3 Bb2 39. Bxb2 Nxb2 40. Kg2 $14) 37. Kg2 {Misschien had
ik het zo moeten spelen, maar dan had ik veel moeten rekenen en dat lukte
vandaag niet zo best.}) 34... Nd7 35. g4 {31' Weet je wat? Ik ga proberen met
mijn koning naar h6 te lopen.} Nb6 {3' Hij heeft kennelijk niks in de gaten.}
36. Kg3 $6 d5 {2'} 37. Kh4 $2 Bf2+ {1'} 38. Kg5 $2 {Ik dacht dat ik ging
winnen.} (38. Kh3 $11) 38... d4 $1 {Shit, helemaal gemist. Ik moet uitkijken
voor Le3+. Gelukkig kan ik die pion nog tegenhouden met mijn andere loper.
Laat ik dat eerst maar doen, dan kan ik met mijn koning terug als hij Le3
speelt.} 39. Bd3 {28'} (39. Kh6 {Vertrouwde ik niet, maar misschien kan het.}
Be3+ 40. Bxe3 dxe3 41. Bd1 Nd7 42. h4 Kf7 {Hoewel, wat moet wit nou doen? Op}
43. h5 {volgt} Nf8 {en ik zie geen verdediging.}) (39. f4 {is achteraf een
idee, maar ik heb er niet naar gekeken.}) 39... Kf7 ({Kansrijk blijkt achteraf
} 39... Be3+ 40. Bxe3 dxe3 41. Kh4 $2 {Dit zou ik gedaan hebben, maar verliest
misschien.} ({Beter is} 41. Bf1 {Om a4 te kunnen spelen zodra zwart zijn paard
gaat omspelen. Maar dat had ik niet gevonden.} Nd7 42. a4 (42. Kh6 Nc5 43. Kxh7
Kf7 {gevolgd door Pe6 lijkt te winnen voor zwart.}) 42... Nc5 43. axb5 axb5 44.
b4 Nb3 45. Bxb5 Nd4 46. Bc4+ Kd6 47. Kh6 Nxf3 48. g5 Nd2 49. Ba6 Nxe4 50. h4
Nc3 51. Kxh7 $11) 41... Nd7 42. Kg3 Nc5 43. Bc2 (43. Be2) 43... Kf6 44. b4 Ne6
45. h4 {Nee, het lijkt me toch remise.}) 40. f4 $2 {27' Dit leek me de enige
zet om Pc5 eruit te halen.} (40. Kh6 {verloor dacht ik, maar misschien heb ik
het mis.} Be3+ 41. Bxe3 dxe3 42. Kxh7 {Het enige waar ik naar keek, maar er
zijn andere betere zetten die mogelijk remise maken.} ({Bijv.} 42. Be2 {Of is}
Na8 $1 {nog een serieuze poging?}) 42... Nd7 43. h4 ({Ook niet gekeken naar} 
43. a4 $5) 43... Nf8+ 44. Kh6 Ne6 $19) 40... Nd7 {9" Allebei 30' erbij. Pas nu
drong het tot me door dat ik volkomen verloren stond.} 41. b4 {46'} Kg7 $19 {
22' Hier wilde ik eigenlijk opgeven.} 42. fxe5 {De enige zet om mat te
voorkomen, dacht ik.} Nxe5 43. Be2 Bg1 $2 {19' Wint ook, maar zwart kon mat
geven!} (43... h6+ 44. Kf4 Kf6 45. h4 g5+ 46. hxg5+ hxg5# {Door beiden niet
gezien.}) 44. Kh4 {41'} d3 {16'} 45. Bd1 Bd4 {14'} 46. Kg3 Nc4 47. Bf4 {38'}
Bc3 48. Kf3 {36'} Bxb4 49. e5 {28'} a5 {De rest had ik me kunnen besparen.} 50.
Ke4 Nb2 51. Bf3 d2 52. Kd5 d1=Q+ 53. Bxd1 Nxd1 54. Kc6 Nc3 55. e6 Kf6 56. Kd7
Nd5 57. g5+ Kf5 58. Bc1 a4 59. a3 Be7 60. Kc6 Nc3 61. Kd7 Nd5 62. Kc6 Kxe6 63.
Kxb5 Nc3+ 64. Kc4 Nb1 65. Kb5 Nxa3+ 66. Kxa4 Nc4 67. Kb3 Ne5 68. Kc3 Kf5 69.
Kd4 Nf3+ {En ik complimenteerde mijn tegenstander met zijn goede spel. De
Koninkjes smaakten daarna weer goed.} 0-1

[Event "Euwe Intern 2006-2007"]
[Site "?"]
[Date "2007.01.25"]
[Round "2.1"]
[White "Witt, Rob"]
[Black "Van der Weide, Piet"]
[Result "1-0"]
[WhiteElo "2220"]
[BlackElo "2180"]
[Annotator "Witt"]
[PlyCount "85"]
[EventDate "2007.??.??"]

{De eerste ronde van de tweede cyclus bracht mij gelijk tegen een oude rivaal.
} 1. Nf3 f5 2. d3 {Een zijvariantje dat niet zo onschuldig is. De
hoofdvarianten van het Hollands heb ik al zo vaak tegen Piet op het bord gehad.
} d6 ({Dit systeem speelde ik vorig jaar voor het eerst tegen Jessica Harmsen
in de knsb. Toen volgde} 2... Nf6 3. e4 d6 ({Riskant is} 3... fxe4 4. dxe4 Nxe4
5. Bd3) 4. e5 dxe5 5. Nxe5 Qd4 6. Qe2 $6 {waarna ik veel geluk nodig had om te
winnen.}) 3. e4 e5 4. Nc3 Nf6 {De meest gebruikelijke zet.} ({Twee jaar
geleden was ik voor het eerst geïnteresseerd geraakt in dit systeem na het
zien van de volgende indrukwekkende winstpartij van de toen 14-jarige Magnus
Carlsen.} 4... Nc6 5. exf5 Bxf5 6. d4 Nxd4 7. Nxd4 exd4 8. Qxd4 Nf6 9. Bc4 $1
c6 10. Bg5 b5 (10... Be7 11. O-O-O d5 12. Qe5 $16) 11. Bb3 Be7 12. O-O-O Qd7
13. Rhe1 Kd8 14. Rxe7 $1 Qxe7 15. Qf4 Bd7 16. Ne4 d5 17. Nxf6 h6 18. Bh4 g5 19.
Qd4 {1-0 Carlsen - Dolmatov, Moscow 2004}) 5. exf5 Bxf5 6. d4 $1 {Deze zet is
kenmerkend voor dit systeem.} e4 7. Nh4 {3' Ik herinnerde me dat ik twee jaar
geleden deze stelling zeer aantrekkelijk vond voor wit, maar verder ben ik
natuurlijk alles vergeten.} Be6 {7'} ({Bekend is ook} 7... Bg4 8. Be2 {Bijv.}
Bxe2 9. Qxe2 d5 10. Bg5 Bb4 11. Qb5+ Nc6 12. Qxb7 Nxd4 13. O-O-O Bxc3 14. bxc3
Rb8 15. Bxf6 gxf6 16. Qxa7 Nb5 17. Qc5 Qd6 18. Rxd5 $1 Qf4+ 19. Rd2 Qxh4 20. a4
Nd6 21. Qc6+ $1 {Loeffler - Kindermann, Austria 2002 (61.1-0)}) 8. d5 {15'} Bf7
9. Qd4 {Dit blijkt nieuw te zijn. Bekend zijn nog} (9. Nf5 c6 10. dxc6 bxc6 11.
Bf4 d5 12. Qd4 $14 {Naumann - Genocchio, Baden 1999 (32.1-0)}) (9. g3) 9...
Nbd7 {17'} (9... c5 $5) (9... c6 $5) 10. Bb5 $6 {24'} ({Achteraf geef ik de
voorkeur aan} 10. Bg5 {bijv.} h6 ({of} 10... Be7 11. Nf5 O-O 12. Nxe4 $14) 11.
Bxf6 Qxf6 (11... Nxf6 $2 12. Bb5+ Nd7 13. Nf5 $16) 12. Qxe4+ Be7 13. Nf5 Bg6
14. Qxe7+ Qxe7+ 15. Nxe7 Kxe7 16. O-O-O {met een redelijk gezonde pluspion.})
10... a6 {21'} 11. Bxd7+ (11. Ba4 $5) 11... Qxd7 12. Bg5 {28'} Be7 {23'} 13.
Bxf6 {32'} ({Niet goed is} 13. Nxe4 Nxe4 14. Qxe4 O-O $1 15. Bxe7 Rae8 16.
O-O-O Rxe7 {en zwart heeft ruime compensatie voor de pion.}) 13... Bxf6 14.
Qxe4+ Kf8 $2 {25' Een bekende fout. Omdat zwart een pion achter staat wil hij
geen dames ruilen. Maarna} (14... Qe7 15. Qxe7+ Kxe7 16. Nf5+ Kd7 17. O-O-O
Rae8 {heeft zwart goed compensatie voor de pion.}) 15. O-O $6 {Snel en
oppervlakkig gespeeld.} ({Beter was toch} 15. O-O-O $1 {omdat dan gelij k de
d-pion gedekt staat. Wit hoeft ruil op c3 niet te vrezen. Bijv.} Bxc3 16. bxc3
Re8 17. Qf4 {en zwart komt moeilijk los.}) 15... Re8 16. Qf4 Bxc3 {34'} 17.
bxc3 Qe7 18. Qd4 $1 {48' Na lang nadenken leek dit me de beste.} ({Het
alternatief was} 18. Rfd1 {Maar dat leek me minder wegens} Qe4 19. Qxe4 Rxe4
20. Nf5 Rc4 21. Rd3 Rc5 22. Ne3 Bg6 23. Rd4 Rxc3 $13) 18... Qe4 {38'} 19. Rad1
Re5 20. c4 {Wit nog 35'} Bh5 {Zwart nog 44'} 21. f3 {30'} Qxd4+ 22. Rxd4 Kf7 $2
{42' Een fout, hoewel ik me dat tijdens de partij niet zo realiseerde.} ({
Ik verwachtte} 22... Re2 23. Rc1 ({Interessant is} 23. Rf4+ $5) 23... g5 24.
Kf1 Re8 (24... Re5 $2 25. f4 $1 $14) 25. Nf5 Bg6 26. Ng3 Kg7 27. Kf2 $14) 23.
g4 Bg6 24. Rf4+ $2 {22' Met als voornaamste overweging dat zwart niet zo snel
zijn torens kan verdubbelen.} ({Veel sterker was echter de zet die ik gepland
had} 24. f4 {zoals Francis na afloop aangaf. Ik had er een tijdje naar gekeken,
maar niet goed beoordeeld.} Re4 25. Nxg6 $1 ({Ik had ook gekeken naar} 25. Nf3
$5 {en ik snap eigenlijk niet waarom ik dat verworpen heb, want dat is zeer
goed en overzichtelijk na het gedwongen} Rxd4 26. Nxd4 $16) 25... Rxd4 26.
Nxh8+ Kg8 27. Re1 g6 (27... Rxf4 28. Re8+ Rf8 29. Re7 Kxh8 30. Rxc7 $16) (27...
g5 28. Re8+ Kg7 29. Re7+ Kxh8 30. Rxc7 b5 (30... gxf4 31. a4 Kg8 32. a5 $16) (
30... Rxf4 $2 31. c5 $1 $18)) 28. Re8+ Kg7 29. Re7+ Kxh8 30. Rxc7 Kg8 {Ik
geloof dat ik tot hier gekeken heb en het te rommelig vond om goed te overzien.
Wit heeft echtersterk} (30... Rxf4 31. c5 $18) 31. c3 $1 Rd3 ({Als de toren de
d-lijn verlaat, volgt sterk c5!.} 31... Rxf4 32. c5 Rxg4+ 33. Kf2 Kf8 (33...
Rf4+ 34. Ke3 Rf6 35. c6 bxc6 36. dxc6 d5 37. Kd4 $18) 34. cxd6 Ke8 35. Rxb7 h5
(35... Rc4 36. Rc7 $18) 36. Rb4 Rxb4 37. cxb4 Kd7 38. Ke3 Kxd6 39. Ke4 $18) 32.
Rxb7 Rxc3 33. Rc7 $18) 24... Ke7 25. Nxg6+ $2 {18'} ({Nauwkeuriger is eerst} 
25. Rf2) 25... hxg6 26. Rf2 Rf8 $2 {40'} ({Beter was} 26... g5 $1 {Dit is de
reden waarom ik had moeten wachten met het slaan van de loper.} 27. Rd4 (27.
Re4 $2 Rxe4 28. fxe4 Rh3 $13 ({of} 28... Rh4 $13)) 27... Re1+ 28. Kg2 Re8 29.
f4 Kf6 30. h3 g6 {en ik denk niet dat wit serieuze winstkansen heeft.}) 27. Re4
{16'} Kf6 {38'} 28. Rfe2 Rfe8 29. Kf2 $2 ({Betere kansen bood} 29. Rf4+ Kg5 (
29... Ke7 30. Ree4 $14) 30. Rxe5+ Rxe5 31. Rf7 Re2 32. Rxc7 Rxc2 33. Rxb7 Rxc4
34. Kg2 $14) 29... g5 $2 {A tempo gespeeld. Francis vroeg zich af hoe het
pionneneindspel staat. En daarmee slaat hij de spijker op de kop. Het blijkt
remise te zijn. Bijv.} (29... Rxe4 30. Rxe4 (30. fxe4 Ke5 {is niks voor wit.})
30... Rxe4 31. fxe4 Ke5 32. Ke3 g5 33. c3 {En zwart komt niet in tempodwang 
(wat ik dacht) omdat hij een keer c5 kan spelen. Bijv.} a5 34. a4 c5 35. dxc6
bxc6 36. Kf3 c5 $11 {Het zoveelste voorbeeld dat een a tempozet fout is. Als
Piet zich een paar minuten in de stelling had verdiept had hij ongetwijfeld
gezien dat het pionneneindspel remise is.}) 30. Ke3 {13'} b5 {36' Met remiseaa
nbod. Ik weet eigenlijk niet waarom. Was Piet echt overtuigd dat het remise
was?} 31. Kd4 {10'} Rxe4+ {35'} 32. fxe4 bxc4 33. Rf2+ {7'} Kg6 (33... Ke7 {
verliest ook, maar is wat taaier.}) 34. h3 Rh8 35. Rf3 Rb8 36. Rc3 {6'} Kf6 {
32'} 37. Rxc4 Rb7 38. Rc6 {5'} Ke7 39. c4 Kd7 40. Rxa6 {2'} Rb2 $6 {Beiden 15'
erbij.} (40... Rb1 41. Ra8 $18 ({of} 41. Ra3 $18)) 41. e5 $1 dxe5+ 42. Kxe5 Rc2
43. Rg6 {en Piet gaf op. Hij zei dat hij het toreneindspel gemakkelijk remise
had moeten kunnen houden, maar daarmee wilde hij niet beweren dat hij een
remise verdiend had.} 1-0

[Event "Euwe Intern 2006-2007 (II)"]
[Site "?"]
[Date "2007.02.01"]
[Round "2"]
[White "Van der Hoeven, Gertjan"]
[Black "Witt, Rob"]
[Result "0-1"]
[WhiteElo "2277"]
[BlackElo "2220"]
[PlyCount "80"]
[EventDate "2007.02.02"]

{Een vreemde partij. Al na een handvol zetten zitten Gertjan en ik in een
stelling die we allebei niet kenden. Met name Gertjan verbruikte veel tijd. Op
zet 19 kan ik normaal kort rokeren, maar voor mijn gevoel sta ik dan minder.
Ik besloot een advies van Jonathan Rowson op te volgen: "Als je vindt dat je
slechter staat, moet je proberen het karakter van de stelling te veranderen.
Veel spelers raken dan uit hun evenwicht door de plotselinge veranderingen op
het bord." Zo gezegd, zo gedaan. Onder opoffering van een paar pionnen
rokeerde ik lang. Het effect was voor de neutrale toeschouwer verbijsterend.
Gertjan raapte mijn pionnen op maar deed vervolgens een paar slechte zetten
achter elkaar. Ik miste weliswaar nog een paar keer een snelle winst, maar het
leed was al geschied.} 1. e4 e6 {Toen Gertjan hier begon na te denken, wist ik
wat er zou komen. Niet zijn gebruikelijke Doorschuifvariant met a3 maar het
Franse Vleugelgambiet. Geheel in lijn met zijn 2.a3 tegen het Sicilaans.} 2.
Nf3 d5 3. e5 c5 4. b4 {2'} d4 {2' In de voetsporen van Kortsjnoi zou ik kunnen
zeggen, maar de waarheid is dat ik me hier gewoon vergiste. Ik realiseerde me
dat echter pas na afloop toen ik aan de bar zat.} ({Principieel is om het
gambiet aan te nemen met} 4... cxb4 5. a3 ({Minder goed is} 5. d4 {wegens} Bd7
6. a3 Qa5) 5... Nc6 ({Mijn bedoeling was echter om de variant met} 5... d4 $5 {
te spelen, maar ik had me dus vergist.}) 6. axb4 Bxb4 7. c3 Be7 8. d4 {Deze
stelling heb ik in het verleden, maar ook recent in vluggertjes met Frans Arp,
vaak op het bord gehad met zwart. Hoewel de zwarte stelling OK is, leek me dit
niet zo verstandig tegen een creatieve aanvalsspeler als Gertjan. Temeer omdat
hij vooraf aan de bar zei dat hij er vanavond zin in had.}) (4... b6 {is een
goeie manier om het gambiet te weigeren.}) (4... c4 {is ook interessant.}) 5.
Bb2 {11'} ({Gebruikelijk is} 5. bxc5 {bijv.} Bxc5 6. Ba3 Qa5 7. Bxc5 Qxc5 8. c3
Nc6 9. cxd4 Nxd4 10. Qa4+ Nc6 11. Nc3 $14 {zoals in Boersma - Kortsjnoi, NK
Leeuwarden 1977.}) 5... Nc6 {Gedachtenloos gespeel. Misschien zijn hier betere
zetten.} 6. b5 Nb4 {5'} ({Een ander idee is} 6... Na5 {met de bedoeling} 7. c3
d3 {maar ik vertrouwde het niet helemaal na} 8. Qa4) 7. a3 Nd5 8. c4 (8. c3)
8... dxc3 $6 {12'} ({Op} 8... Nf4 {was Gertjan} 9. h4 {van plan. Dat lijkt me
eigenlijk best speelbaar voor zwart na bijv.} Qc7 10. g3 Ng6 11. Qe2 h5 $13) 9.
Nxc3 {14'} ({Ik verwachtte} 9. dxc3 {en dat lijkt me ook iets beter voor wit.})
9... Nxc3 {15' Anders komt wit met Pe4.} ({Bijv.} 9... Nge7 10. Ne4 Nf5 11. Rc1
b6 12. d4 $14) 10. Bxc3 {16'} (10. dxc3 $5 $14 {kwam ook in aanmerking.}) 10...
b6 11. d4 {29'} Bb7 ({Ik dacht dat} 11... Ne7 {minder goed was wegens} 12. dxc5
{maar na} Qxd1+ 13. Rxd1 {miste ik} Nd5 14. Bd4 bxc5 {en zwart kan tevreden
zijn.}) 12. Be2 {33'} Nh6 {22'} 13. O-O Nf5 {Wit nog 48', zwart 59'} 14. Qa4 {
42'} Qd7 $5 {41' Ik wilde een batterij innemen met Db7 en Ld5.} ({Ik bekeek
eerst} 14... Nh4 {maar verwierp het wegens} 15. Nxh4 ({Niet gezien, maar
interessant is ook} 15. d5 $5 Nxf3+ 16. Bxf3 Bxd5 17. Rad1 {Op bijv.} Qd7 {
idee Db7, is} 18. Rxd5 exd5 19. Rd1 {waarschijnlijk kansrijk.}) 15... Qxh4 16.
f4 $14 {en ik vond mijn dame niet lekker staan.}) ({Op het normale} 14... cxd4
{konden we na afloop niet iets echt overtuigends voor wit vinden, geloof ik.}
15. Nxd4 (15. Bxd4 $5) 15... Qh4 {Lesman.}) 15. Rfd1 {34'} Bd5 16. dxc5 {18'} (
16. Rac1) 16... Bxc5 17. Bb4 Bxb4 {36'} 18. Qxb4 Ne7 {34'} (18... Qe7 {vonden
we minder, al zie ik nu niet meer zo gauw wat er mis mee is.}) 19. Qg4 {
14' Gertjan was niet zo tevreden over deze zet.} ({Na afloop hebben we hier
veel aandacht besteed aan} 19. Rac1 {met het idee Dd6. Onze conclusie was dat
zwart het beste kon voortzetten met} Rd8 {Het is nu niet duidelijk hoe wit het
beste kan voortzetten. We bekeken o.a.} (19... Qb7) (19... O-O {leken allemaal
minder.}) 20. Ng5 $14 {net aanvalskansen.}) 19... Qb7 $5 {Met de tijdnood van
Gertjan op komst besloot ik te gokken. Veel meer dan "het ziet er wel kansrijk
uit", dacht ik eigenlijk niet. Een praktische beslissing die in de koele
analyse niet correct zal blijken te zijn. Maar het karakter van de stelling
verandert ineens totaal.} ({Normaal is} 19... O-O {maar ik denk dat wit
aanvalskansen heeft na bijv.} 20. Bd3 {en ik wilde liever zelf aanvallen.}) 20.
Qxg7 {13' Terecht slaat Gertjan, hoewel ik eerlijk gezegd dacht dat hij dat
niet zou durven. Gertjan zei achteraf dat hij dacht dat dit helemaal niks was
voor zwart.} Rg8 {33'} 21. Qxh7 O-O-O 22. Qc2+ Kb8 23. Kf1 {9' Misschien al
minder.} Ng6 $1 {32'} 24. Qc3 $2 {Gaat gelijk al in de fout.} (24. Qc1 $16) (
24. Qa4 $16) 24... Nf4 {29' Zwart heeft al genoeg spel.} 25. Rxd5 $2 {8'
Gertjan wil van die vervelende loper af, maar het lijkt toch een beetje een
paniekzet.} ({Het geplande} 25. g3 {faalt op} Nxe2 26. Kxe2 Rc8 $19) ({Maar
bijv.} 25. Qd2 Nxg2 26. Rac1 {is heel onduidelijk.}) 25... Qxd5 26. g3 $2 {
Opnieuw een slechte.} (26. Qc4 $17) 26... Nxe2 27. Kxe2 Qxb5+ $2 {Een A
tempozet} ({Direkt winnend was} 27... Qe4+ 28. Qe3 (28. Kf1 Rd3 $19) 28... Qc4+
29. Ke1 Rd3 $19) 28. Ke3 {6'} Rd5 $1 {23' Ik probeer druk op e5 te houden
zodat wit zijn paard niet kan spelen.} 29. a4 Qd7 30. Ra3 $2 {5'} (30. Rc1 $17)
30... Rc8 {21'} 31. Qb2 Rcc5 32. h4 Qc6 {19'} 33. Qb4 {3'} Kb7 {17'} 34. a5 {2'
} Rxa5 $2 {14'} (34... Rc4 $1 {wint snel.} 35. a6+ Kc7 36. Qe7+ Rd7 $19) 35.
Rxa5 Rxa5 36. Qe7+ $2 ({Meer weerstand bood} 36. Qe4 {maar zwart is snel met
zijn a-pion na bijv.} Rd5 37. Kf4 a5 38. h5 a4 $19) 36... Ka6 37. Qxf7 Ra3+ 38.
Ke2 Qe4+ {12'} 39. Kf1 Rxf3 40. Qxe6 Rc3 {Tijdnood voorbij. Gertjan geeft op.
Eerlijk gezegd een beetje eenkoffiehuispartij van mijn kant.} 0-1